[Event "ECU-ch U20 Girls"]
[Site "Guayaquil"]
[Date "2020.02.22"]
[Round "6"]
[White "Guaraca Pintado, Susana"]
[Black "Cata Pallo, Alejandra Nicole"]
[Result "0-1"]
[WhiteElo "1194"]
[BlackElo "1390"]
[PlyCount "68"]
[EventDate "2020.02.19"]
[EventType "swiss"]
[EventRounds "9"]
[EventCountry "ECU"]
[SourceTitle "CBM 195 Extra"]
[Source "ChessBase"]
[SourceDate "2020.05.31"]
[SourceVersion "1"]
[SourceVersionDate "2020.05.31"]
[SourceQuality "1"]

1. e4 c5 2. Nc3 d6 3. Bc4 Nc6 4. f4 g6 5. Nf3 Bg7 6. 0-0 e6 7. d3 Nge7 8. Qe1 Nd4 9. Qf2 a6 10. a3 b5 11. Ba2 0-0 12. Be3 Nec6 13. Kh1 a5 14. Rac1 b4 15. Nd1 Ba6 16. f5 exf5 17. exf5 Nxf5 18. Ng5 Ne5 19. Bd5 Ra7 20. Bf4 h6 21. Bxe5 Qxg5 22. Bxg7 Kxg7 23. Qf4 Qxf4 24. Rxf4 Re7 25. Nf2 Ne3 26. Bb3 Bb7 27. Re1 g5 28. Rg4 Rfe8 29. Re4 Bxe4 30. Nxe4 Nf5 31. Rf1 c4 32. Rxf5 cxb3 33. cxb3 Rc8 34. Kg1 d5 0-1

[Event "ECU-ch U20 Girls"]
[Site "Guayaquil"]
[Date "2020.02.19"]
[Round "1"]
[White "Caicedo Loor, Keyra Isabel"]
[Black "Guaraca Pintado, Susana"]
[Result "1-0"]
[WhiteElo "1586"]
[BlackElo "1194"]
[PlyCount "46"]
[EventDate "2020.02.19"]
[EventType "swiss"]
[EventRounds "9"]
[EventCountry "ECU"]
[SourceTitle "CBM 195 Extra"]
[Source "ChessBase"]
[SourceDate "2020.05.31"]
[SourceVersion "1"]
[SourceVersionDate "2020.05.31"]
[SourceQuality "1"]

1. e4 e5 2. Nf3 Nc6 3. Bc4 Bc5 4. c3 Nf6 5. d4 exd4 6. cxd4 Bb4+ 7. Nc3 d5 8. exd5 Nxd5 9. 0-0 Bxc3 10. bxc3 Be6 11. Ng5 0-0 12. Nxe6 fxe6 13. Qc2 Qf6 14. Ba3 Rf7 15. Rae1 Nf4 16. Qe4 Nd8 17. d5 exd5 18. Qe8+ Rf8 19. Qxf8+ Qxf8 20. Bxf8 Kxf8 21. Bb3 c6 22. Re3 Nf7 23. Rfe1 Rb8 1-0

[Event "ECU-ch U16 Girls"]
[Site "Guayaquil"]
[Date "2019.04.21"]
[Round "9"]
[White "Martinez Zambrano, Karina Paola"]
[Black "Guaraca Pintado, Susana"]
[Result "0-1"]
[WhiteElo "1449"]
[BlackElo "1193"]
[PlyCount "70"]
[EventDate "2019.04.17"]
[EventType "swiss"]
[EventRounds "9"]
[EventCountry "ECU"]
[SourceTitle "CBM 190 Extra"]
[Source "ChessBase"]
[SourceDate "2019.07.15"]
[SourceVersion "1"]
[SourceVersionDate "2019.07.15"]
[SourceQuality "1"]

1. d4 d5 2. c4 c6 3. Nc3 Nf6 4. Nf3 e6 5. Bg5 Nbd7 6. e3 Qa5 7. Qd2 Bb4 8. Bd3 dxc4 9. Bc2 Nd5 10. 0-0 Bxc3 11. bxc3 Qxc3 12. Qe2 b5 13. Rfc1 Qa5 14. a4 Qb6 15. Bd1 0-0 16. e4 N5f6 17. Rab1 a6 18. axb5 cxb5 19. Rxc4 Bb7 20. e5 Bd5 21. Rcb4 Ne4 22. Rc1 Rfc8 23. Rc2 Qa5 24. Rcb2 Rab8 25. Bd2 Qd8 26. Bc2 Nxd2 27. Qxd2 Rc4 28. Qd3 g6 29. Nd2 Rxb4 30. Rxb4 Rc8 31. Bb3 Rc1+ 32. Nf1 Bxb3 33. Rxb3 Nb8 34. Qd2 Qc8 35. Qh6 Qc4 0-1